|
|
|
|
| LEADER |
01244nam a2200361Ia 4500 |
| 001 |
EBC817420 |
| 003 |
MiAaPQ |
| 005 |
20200520144314.0 |
| 006 |
m o d | |
| 007 |
cr cn||||||||| |
| 008 |
120313s2012 nju s 001 0 eng d |
| 010 |
|
|
|z 2012010363
|
| 020 |
|
|
|z 9781118065525
|
| 020 |
|
|
|z 9781118167595
|
| 035 |
|
|
|a (MiAaPQ)EBC817420
|
| 035 |
|
|
|a (Au-PeEL)EBL817420
|
| 035 |
|
|
|a (CaPaEBR)ebr10560576
|
| 035 |
|
|
|a (CaONFJC)MIL363482
|
| 035 |
|
|
|a (OCoLC)780415825
|
| 040 |
|
|
|a MiAaPQ
|c MiAaPQ
|d MiAaPQ
|
| 050 |
|
4 |
|a HG4530
|b .A389 2012
|
| 082 |
0 |
4 |
|a 332.64/524
|2 23
|
| 100 |
1 |
|
|a Ahuja, Maneet,
|d 1984-
|
| 245 |
1 |
4 |
|a The alpha masters
|h [electronic resource] :
|b unlocking the genius of the world's top hedge funds /
|c Maneet Ahuja.
|
| 260 |
|
|
|a Hoboken, NJ :
|b Wiley,
|c 2012.
|
| 300 |
|
|
|a xxv, 245 p.
|
| 500 |
|
|
|a Includes index.
|
| 533 |
|
|
|a Electronic reproduction. Ann Arbor, MI : ProQuest, 2015. Available via World Wide Web. Access may be limited to ProQuest affiliated libraries.
|
| 650 |
|
0 |
|a Hedge funds.
|
| 650 |
|
0 |
|a Investment advisors.
|
| 655 |
|
4 |
|a Electronic books.
|
| 710 |
2 |
|
|a ProQuest (Firm)
|
| 856 |
4 |
0 |
|u https://ebookcentral.proquest.com/lib/matrademy/detail.action?docID=817420
|z Click to View
|